| 000 | 00481nam a2200145Ia 4500 | ||
|---|---|---|---|
| 008 | 100415s9999 xx 000 0 und d | ||
| 082 |
_b19347 _a333 |
||
| 100 | _aSHIVA VANDANA | ||
| 245 | _aStolen Harvest : The Hijacking of the Global Food Supply | ||
| 260 |
_aNEW DELHI _c2000 _bINDIA RESEARCH PRESS |
||
| 365 | _b195 | ||
| 630 | _aStolen Harvest : The Hijacking of the Global Food Supply | ||
| 730 | _aStolen Harvest : The Hijacking of the Global Food Supply | ||
| 942 | _cBOOK | ||
| 999 |
_c602244 _d602241 |
||